Greek Prefixes - Chemistry - Statistics

General Stats
  • This quiz has been taken 284 times
  • The average score is 8 of 10
Answer Stats
Hint Answer % Correct
3 Tri
97%
1 Mono
93%
2 Di
92%
6 Hex
87%
5 Penta
84%
10 Deca
76%
4 Tetra
74%
7 Hepta
72%
8 Octo
62%
9 Nana
19%
No matching quizzes found
Score Distribution
Percent of People with Each Score
Percentile by Number Answered
Your Score History
You have not taken this quiz